000 01199nam a2200253Ia 4500
003 OSt
005 20220930094912.0
006 a|||||r|||| 00| 0
007 ta
008 220926b |||||||| |||| 00| 0 san d
024 _a35207
037 _cTheses
040 _aCRL
_cCRL
_bsan
041 _2san
_asan
100 _aमिश्रा, पूजा, ले.
110 _aदिल्ली विश्वविद्यालय. कला संकाय. संस्कृत
_9556675
245 0 _aकविकर्णपूरकृत अलंकारकौस्तुभ में निरूपित काव्यतत्त्वों की समीक्षा
_b उपलब्ध टीकाओं के आलोक में।
246 _aKavikarṇapūrakṛut alankārakaustubh mean nirūpit kāvyatattvoan kī samīkṣhā: upalabdha ṭīkāoan ke ālok mean।
260 _c2016
300 _a458पृ.
_ap.
_ccm.
700 _aदिल्ली विश्वविद्यालय. कला संकाय. संस्कृत
_9556676
942 _cDIS
_2CC
999 _c887907
_d887907